| Tag |
First Indicator |
Second Indicator |
Subfields |
| LEADER |
00000cam a2200000 4500 |
| 001 |
in00000060155 |
| 005 |
20151008051605.0 |
| 008 |
751015s1925 njub b 00010 eng |
| 010 |
|
|
|a 25005169
|
| 035 |
|
|
|a (OCoLC)01706067
|
| 035 |
|
|
|9 AAG8848AM
|
| 040 |
|
|
|a DLC
|c FUG
|d TXA
|d UtOrBLW
|
| 043 |
|
|
|a cl-----
|
| 049 |
|
|
|a TXAM
|c [174883]
|
| 050 |
|
0 |
|a HG185.C4
|b Y6
|
| 092 |
|
|
|a 336.728
|b Y73c
|
| 100 |
1 |
|
|a Young, John Parke,
|d 1895-
|
| 245 |
1 |
0 |
|a Central American currency and finance /
|c with an introduction by E. W. Kemmerer [by] John Parke Young.
|
| 264 |
|
1 |
|a Princeton :
|b Princeton university press,
|c 1925.
|
| 300 |
|
|
|a xviii, 258 pages :
|b folded frontispiece (map) diagrams ;
|c 22cm.
|
| 336 |
|
|
|a text
|b txt
|2 rdacontent
|
| 337 |
|
|
|a unmediated
|b n
|2 rdamedia
|
| 338 |
|
|
|a volume
|b nc
|2 rdacarrier
|
| 504 |
|
|
|a Bibliography: pages [249]-254.
|
| 650 |
|
0 |
|a Finance
|z Central America.
|
| 650 |
|
0 |
|a Currency question
|z Central America.
|
| 651 |
|
0 |
|a Central America
|x Economic conditions.
|
| 999 |
|
|
|a MARS
|
| 999 |
f |
f |
|s 1d9d2946-4fc0-33a5-b8cb-03589957dab7
|i a0fe98ee-1ea8-33f3-b8c8-96084e890604
|t 0
|
| 952 |
f |
f |
|p ric
|a Texas A&M University
|b Rellis Campus
|c Joint Library Facility
|d Remote Storage
|t 0
|e HG185.C4 Y6
|h Library of Congress classification
|i unmediated -- volume
|m A14800751797
|
| 998 |
f |
f |
|a HG185.C4 Y6
|t 0
|l Remote Storage
|